[Event "Liverpool op"]
[Site "Liverpool"]
[Date "2007.09.08"]
[Round "8"]
[White "Ravi, Lanka"]
[Black "Miezis, Normunds"]
[Result "0-1"]
[WhiteElo "2404"]
[BlackElo "2524"]
[PlyCount "57"]
[EventDate "2007.09.03"]
[EventType "swiss"]
[EventRounds "9"]
[EventCountry "ENG"]
[SourceTitle "CBM 120 Extra"]
[Source "ChessBase"]
[SourceDate "2007.11.01"]
[SourceVersion "1"]
[SourceVersionDate "2007.11.01"]
[SourceQuality "1"]

1. Nf3 c5 2. g3 Nc6 3. Bg2 g6 4. 0-0 Bg7 5. d3 e5 6. c4 Nge7 7. Nc3 0-0 8. a3 d6 9. Ne1 a5 10. Nc2 h6 11. Rb1 a4 12. Ne3 Nd4 13. Ned5 Nxd5 14. Bxd5 Bh3 15. Re1 Qd7 16. b4 axb3 17. e3 Nc6 18. Qxb3 Rab8 19. Bd2 Kh7 20. Ne2 Be6 21. Qb5 h5 22. a4 h4 23. a5 h3 24. Qa4 Qc7 25. Nc3 Rfe8 26. Qd1 Qe7 27. Bxc6 bxc6 28. f4 f5 29. Qf3 0-1

[Event "Liverpool op"]
[Site "Liverpool"]
[Date "2007.09.06"]
[Round "6"]
[White "Ravi, Lanka"]
[Black "Lie, Kjetil A"]
[Result "0-1"]
[WhiteElo "2404"]
[BlackElo "2536"]
[PlyCount "82"]
[EventDate "2007.09.03"]
[EventType "swiss"]
[EventRounds "9"]
[EventCountry "ENG"]
[SourceTitle "CBM 120 Extra"]
[Source "ChessBase"]
[SourceDate "2007.11.01"]
[SourceVersion "1"]
[SourceVersionDate "2007.11.01"]
[SourceQuality "1"]

1. d4 Nf6 2. c4 c5 3. d5 e6 4. Nc3 exd5 5. cxd5 d6 6. e4 g6 7. Bd3 Bg7 8. h3 a6 9. a4 Nbd7 10. Nf3 Nh5 11. g4 Nhf6 12. Bf4 h5 13. g5 Nh7 14. Qd2 Qe7 15. h4 0-0 16. Rg1 c4 17. Bc2 f5 18. Nd4 Nc5 19. Ne6 Bxe6 20. dxe6 Qxe6 21. Qxd6 fxe4 22. Qxe6+ Nxe6 23. Be3 Rae8 24. Rd1 Nf4 25. Rd6 Nd3+ 26. Ke2 Rf5 27. Rxg6 Nf8 28. Rd6 Ne6 29. Nd1 Nef4+ 30. Kd2 Nd5 31. g6 Bf8 32. Rd7 Bb4+ 33. Ke2 Nxe3 34. Kxe3 Rf3+ 35. Ke2 Nf4+ 36. Kf1 e3 37. Nxe3 Rexe3 38. Rd1 Re2 39. Rd8+ Kg7 40. Rd7+ Kf6 41. Rf7+ Ke6 0-1

[Event "Liverpool op"]
[Site "Liverpool"]
[Date "2007.09.05"]
[Round "4"]
[White "Ravi, Lanka"]
[Black "Ghaem Maghami, Ehsan"]
[Result "1/2-1/2"]
[WhiteElo "2404"]
[BlackElo "2610"]
[PlyCount "28"]
[EventDate "2007.09.03"]
[EventType "swiss"]
[EventRounds "9"]
[EventCountry "ENG"]
[SourceTitle "CBM 120 Extra"]
[Source "ChessBase"]
[SourceDate "2007.11.01"]
[SourceVersion "1"]
[SourceVersionDate "2007.11.01"]
[SourceQuality "1"]

1. d4 Nf6 2. Nf3 c5 3. d5 b5 4. Bg5 d6 5. Bxf6 exf6 6. e4 Bd7 7. Nc3 a6 8. a4 b4 9. Nb1 g6 10. Nbd2 Bg7 11. Nc4 0-0 12. Bd3 Qc7 13. h3 a5 14. 0-0 Bc8 1/2-1/2